000 00602nam a2200193Ia 4500
003 GCL
005 20240530103635.0
008 140319s9999 xx 000 0 ara d
040 _aGCL /
_cGCL
082 0 4 _a811.9
_bرا
100 0 _aرجاء النقاش
245 1 0 _aابوالقاسم الشابى : شاعر الحب والثورة دراسة ومختارات /
_cرجاء النقاش
260 _a[S.N] :
_bدار المريخ للنشر ،
_c1988
300 _a160 ص
650 0 4 _aالشعر العربى
650 0 4 _aالشعر
650 0 4 _aتاريخ ونقد
942 _2ddc
_cBK
999 _c41356
_d41356